Score 0/24 Timer 03:00
0 Plays Today
Clue 4-Letter Word % Correct
US coin worth 10 centsDIME
98.5%
Opposite of differentSAME
98.3%
Do very poorly on an examFAIL
98%
Bottom of a shoeSOLE
97.9%
Season that comes after SummerFALL
97.8%
What you do to make something not emptyFILL
97.5%
Not allSOME
96.8%
A knighted womanDAME
96.5%
5,280 feetMILE
96.3%
A place for grinding cornMILL
95.5%
• Popular US news magazine •*TIME*
95.2%
What you do after a great speechCLAP
94.2%
Clue 4-Letter Word % Correct
A hidden internal agentMOLE
93.8%
Where hens liveCOOP
93.1%
Sound a horse's hooves makeCLOP
92.5%
Opposite of fatSLIM
91.7%
It can be grand in baseballSLAM
91.2%
A warm liquid you eat with crackersSOUP
91.1%
Edible bivalve molluscCLAM
91.1%
Illegal seizure of power from a governmentCOUP
90.8%
Spiritual term relating to essence of selfSOUL
90.5%
DirtSOIL
89.9%
A fencing weaponFOIL
88.3%
• Woman's undergarment • *SLIP*
84.9%

Today's Daily Dose

Get the Picture
Which JB?

Remove Ads.
Support Sporcle.
Get the best of Sporcle when you Go Orange. This ad-free experience offers more features, more stats, and more fun while also helping to support Sporcle. Thank you for becoming a member.

You're not logged in!

Compare scores with friends on all Sporcle quizzes.
OR
Log In

Show Comments

Extras

Top Quizzes Today


Score Distribution

Your Account Isn't Verified!

In order to create a playlist on Sporcle, you need to verify the email address you used during registration. Go to your Sporcle Settings to finish the process.

Report this User

Report this user for behavior that violates our Community Guidelines.

Details: